Top 100 municipios mas poblados de Aragon - Estadísticas

Estadísticas generales
  • Esta prueba ha sido intentada 33 veces
  • La puntuación promedio es 43 de 100
Estadísticas de respuestas
Poblacion Municipio % Correcto
54 704 Huesca
100%
36 713 Teruel
100%
686 986 Zaragoza
100%
19 850 Calatayud
92%
19 022 Utebo
92%
17 558 Barbastro
88%
17 113 Ejea de los Caballeros
88%
18 152 Monzón
88%
16 247 Alcañiz
84%
10 118 Binefar
84%
7258 Andorra
80%
15 112 Cuarte de Huerva
80%
13 883 Sabiñanigo
80%
9592 Sabiñánigo
80%
15 390 Fraga
76%
5191 Borja
72%
10 432 Caspe
72%
7937 La Almunia de Doña Godina
72%
10 803 Tarazona
72%
8709 Zuera
72%
4542 Calamocha
64%
6564 La Muela
64%
6371 María de Huerva
64%
4814 Villanueva de Gállego
64%
7450 Alagón
60%
1509 Belchite
60%
4135 Sariñena
60%
6817 Tauste
60%
6426 La Puebla de Alfinden
56%
2317 Aínsa
52%
2437 Almudévar
52%
1102 Boltaña
52%
4639 Cadrete
52%
3456 Cariñena
52%
1919 Daroca
52%
2362 Benasque
48%
3678 Calanda
48%
1618 Mora de Rubielos
48%
4551 Pinseque
48%
1732 Ateca
44%
4565 Épila
44%
4631 Fuentes de Ebro
44%
2603 Gallur
44%
1760 Híjar
44%
1258 Sádaba
44%
2545 Valderrobres
44%
1082 Ariza
40%
1609 Biescas
40%
3380 Graus
40%
1474 Muel
40%
3102 Utrillas
40%
3234 Alcorisa
36%
1884 Quinto
36%
1516 Sallent de Gállego
36%
1127 Sobradiel
36%
2704 Burgo de Ebro
32%
2906 Calatorao
32%
2727 Illueca
32%
1132 La Joyosa
32%
2951 Mallén
32%
2541 Monreal del Campo
32%
2949 Ricla
32%
2854 Villamayor de Gállego
32%
1066 Ayerbe
28%
1137 Benabarre
28%
1270 Figueruelas
28%
1090 Leciñena
28%
2089 Maella
28%
1093 Magallón
28%
2232 Mequinenza
28%
1165 Montalbán
28%
3409 San Mateo de Gállego
28%
3429 Tamarite de Litera
28%
1933 Albalate del Arzobispo
24%
1601 Binaced
24%
1506 Brea de Aragón
24%
1177 Escatrón
24%
1427 Gurrea de Gállego
24%
1082 Morata de Jalón
24%
1305 Pastriz
24%
1216 Sarrión
24%
1091 Sástago
24%
1785 Zaidín
24%
1494 Alfamén
20%
2415 Aljafarín
20%
2690 Cella
20%
1047 Fabara
20%
1141 Lanaja
16%
3766 Pedrola
16%
1506 Torres de Berrellén
16%
1696 Grañén
12%
2446 Pina de Ebro
12%
1023 Remolinos
12%
1043 Ainzón
8%
1225 Mas de las Matas
8%
1472 Altorrincón
4%
1142 Albalate del Cinca
0%
1109 Alcolea del Cinca
0%
1270 Belver del Cinca
0%
1148 Torrente del Cinca
0%
No se encontraron pruebas coincidentes
Distribución de puntuación
Porcentaje de gente con cada puntuación
Porcentaje por número respondido
Historial de tus puntuaciones
No has intentado esta prueba.